000 00534nam a22001817a 4500
003 0
005 20240923093238.0
008 240923b xxu||||| |||| 00| 0 eng d
020 _a978-93-575112-1-6
050 _aN 6490
_b.Si56 2024
100 _aSingh, Niranjan
245 _aAbstraction in world painting
_cSingh, Niranjan
260 _aNew Delhi India
_bRandom publication
_cC2024
300 _av,338p.
_bill. :
_c24cm.
500 _aWorld painting.
650 _aIncludes bibliographical references and index.
942 _2lcc
_cBK
999 _c366317
_d366317